[Event "zonal 2.1 group A"]
[Site "Salt Lake City USA"]
[Date "1999.08.23"]
[Round "1"]
[White "Gulko, Boris"]
[Black "Shabalov, Alexander"]
[Result "1-0"]
[WhiteElo "2618"]
[BlackElo "2566"]
[EventDate "1999.08.23"]
[PlyCount "133"]

1.c4 e5 2.Nc3 Bb4 3.Nd5 Bc5 4.Nf3 e4 5.d4 Bf8 6.Nd2 c6 7.Nc3 d5 8.cxd5 
cxd5 9.Nb3 Nc6 10.Bf4 Nf6 11.e3 Bg4 12.Be2 Bxe2 13.Qxe2 a6 14.O-O Be7 15.
f3 O-O 16.Bg5 Re8 17.Bxf6 Bxf6 18.fxe4 dxe4 19.Qg4 Bg5 20.Rae1 g6 21.Nxe4 
f5 22.Qxg5 Rxe4 23.Rxf5 Qxg5 24.Rxg5 Rae8 25.d5 Nb4 26.d6 b6 27.Nd2 R4e6 
28.Nc4 b5 29.d7 Rd8 30.Re5 Kf7 31.Rf1+ Ke7 32.Rxe6+ Kxe6 33.Nb6 Nxa2 34.
Rf4 Kd6 35.Rf6+ Kc5 36.e4 Nb4 37.e5 Nc6 38.e6 Ne7 39.Rf7 Kd6 40.Rxh7 Kxe6 
41.h4 a5 42.Kf2 a4 43.Ke2 Kd6 44.Rg7 Nc6 45.Rxg6+ Kc5 46.Nc8 Rxd7 47.h5 
Ne5 48.Rg5 Kd4 49.h6 Rc7 50.Nd6 Rc2+ 51.Kd1 Rxb2 52.h7 Rb1+ 53.Kc2 Rh1 54.
Nxb5+ Kd5 55.Nc7+ Ke4 56.Ne8 Kf4 57.Rg7 Kf5 58.Kc3 Ke6 59.g3 Nf7 60.Rg6+ 
Ke5 61.Rg7 Ke6 62.g4 Ke7 63.g5 Kxe8 64.g6 Nd6 65.Ra7 Rh3+ 66.Kc2 Nf5 67.g7
1-0

[Event "zonal 2.1 group A"]
[Site "Salt Lake City USA"]
[Date "1999.08.23"]
[Round "1"]
[White "Gurevich, Dmitry"]
[Black "Yermolinsky, Alexander"]
[Result "1/2-1/2"]
[WhiteElo "2537"]
[BlackElo "2588"]
[EventDate "1999.08.23"]
[PlyCount "136"]

1.Nf3 Nf6 2.c4 g6 3.Nc3 d5 4.Qa4+ Bd7 5.Qb3 dxc4 6.Qxc4 Nc6 7.d4 a6 8.d5 
Na7 9.Bg5 Nb5 10.Rd1 Bg7 11.Na4 Nd6 12.Qb3 Nfe4 13.Be3 O-O 14.Bd4 Qe8 15.
Nc3 Nxc3 16.Qxc3 Nb5 17.Qc2 Nxd4 18.Nxd4 e6 19.dxe6 Bxe6 20.e3 Bd5 21.Nf3 
Qe4 22.Qxe4 Bxe4 23.Nd2 Bc6 24.b3 Rfd8 25.Rc1 Rd7 26.Nf3 Bxf3 27.gxf3 Rad8
28.f4 c6 29.Rc2 Rd2 30.Rxd2 Bc3 31.Bh3 Rxd2 32.O-O Rxa2 33.Rd1 Bf6 34.Bc8 
b5 35.Rd6 Bh4 36.Rxc6 Bxf2+ 37.Kg2 Bxe3+ 38.Kf3 Bg1 39.Bxa6 Rf2+ 40.Kg3 
Rb2 41.Rc3 b4 42.Rc8+ Kg7 43.Bc4 Bxh2+ 44.Kf3 f5 45.Rc7+ Kh8 46.Rc8+ Kg7 
47.Rc7+ Kf8 48.Rf7+ Ke8 49.Rxh7 Rc2 50.Rb7 Kf8 51.Rf7+ Kg8 52.Rb7+ Kh8 53.
Bf7 Rc3+ 54.Ke2 Kg7 55.Bd5+ Kh6 56.Rxb4 Kh5 57.Rc4 Rxb3 58.Rc7 Rb4 59.Rc4 
Rb5 60.Bc6 Rb6 61.Kf3 Kh4 62.Be8 Rb3+ 63.Kg2 Rb2+ 64.Kf1 Kg4 65.Bxg6 Rb5 
66.Kg2 Bxf4 67.Bh5+ Kg5 68.Be2 Be5 1/2-1/2

[Event "zonal 2.1 group A"]
[Site "Salt Lake City USA"]
[Date "1999.08.23"]
[Round "1"]
[White "Shliperman, Igor"]
[Black "Fedorowicz, John"]
[Result "1/2-1/2"]
[WhiteElo "2466"]
[BlackElo "2565"]
[EventDate "1999.08.23"]
[PlyCount "102"]

1.e4 g6 2.d4 Bg7 3.Nc3 d6 4.Bc4 Nc6 5.d5 Ne5 6.Be2 Nf6 7.f4 Ned7 8.Nf3 O-O
9.Be3 c6 10.O-O Nb6 11.a4 a5 12.Kh1 Bd7 13.Ra3 cxd5 14.exd5 Rc8 15.Bd4 Bh6
16.Bxb6 Qxb6 17.Rb3 Qc5 18.Nd4 Nxd5 19.Nxd5 Qxd5 20.Bf3 Qc5 21.Rxb7 Rfd8 
22.f5 Bg5 23.c3 Bf6 24.fxg6 hxg6 25.Bg4 Bxg4 26.Qxg4 Qc4 27.Qf3 Rc5 28.Re1
Re5 29.Ra1 Rc8 30.h3 Kg7 31.Rf1 Re3 32.Qf4 Re4 33.Qf3 Re3 34.Qf4 Rc5 35.
Rb5 Qd3 36.Rxc5 dxc5 37.Nb3 g5 38.Qf5 Qxf5 39.Rxf5 Re1+ 40.Kh2 Be5+ 41.g3 
Re2+ 42.Kg1 f6 43.Rf2 Re3 44.g4 Rg3+ 45.Rg2 Rxh3 46.Nxa5 Rd3 47.Nc4 Rd1+ 
48.Kf2 Ra1 49.a5 Bc7 50.Rg1 Ra4 51.Re1 Kf8 1/2-1/2

[Event "zonal 2.1 group A"]
[Site "Salt Lake City USA"]
[Date "1999.08.24"]
[Round "2"]
[White "Shabalov, Alexander"]
[Black "Shliperman, Igor"]
[Result "1/2-1/2"]
[WhiteElo "2566"]
[BlackElo "2466"]
[EventDate "1999.08.23"]
[PlyCount "102"]

1.d4 Nf6 2.c4 c5 3.Nf3 e6 4.Nc3 cxd4 5.Nxd4 Bb4 6.g3 O-O 7.Bg2 d5 8.cxd5 
Nxd5 9.Bd2 Bxc3 10.bxc3 e5 11.Nb3 Nc6 12.O-O Nde7 13.Be3 Bg4 14.Qc2 Qc8 
15.Rfd1 Bh3 16.Bh1 Qc7 17.Nc5 Rad8 18.Qa4 b6 19.Ne4 Na5 20.Rxd8 Rxd8 21.
Rd1 h6 22.Rxd8+ Qxd8 23.Qc2 f5 24.Nd2 Qc8 25.Nf1 Nc4 26.Bc1 Bxf1 27.Kxf1 
e4 28.g4 Nd5 29.gxf5 Qxf5 30.Qxe4 Qxe4 31.Bxe4 Nxc3 32.Bc2 b5 33.Bb3 Kf8 
34.Ke1 g5 35.Bd2 Nxd2 36.Kxd2 Ne4+ 37.Ke3 Nf6 38.Kd4 Ng4 39.Kc5 Ke7 40.
Kxb5 Kd6 41.Ka6 Nxf2 42.Kxa7 h5 43.Kb6 g4 44.Bf7 h4 45.Bh5 g3 46.hxg3 hxg3
47.Bf3 Ng4 48.a4 Ne5 49.Bh1 Nc4+ 50.Kb5 Ne3 51.a5 Kc7 1/2-1/2

[Event "zonal 2.1 group A"]
[Site "Salt Lake City USA"]
[Date "1999.08.25"]
[Round "3"]
[White "Christiansen, Larry"]
[Black "Shabalov, Alexander"]
[Result "1/2-1/2"]
[WhiteElo "2610"]
[BlackElo "2566"]
[EventDate "1999.08.23"]
[PlyCount "28"]

1.e4 e6 2.d4 d5 3.Nd2 Nf6 4.e5 Nfd7 5.Bd3 c5 6.c3 b6 7.Ne2 Ba6 8.Bxa6 Nxa6
9.O-O b5 10.Nf3 Qb6 11.a4 c4 12.axb5 Qxb5 13.Ng5 h6 14.Nh3 Nc7 1/2-1/2

[Event "zonal 2.1 group A"]
[Site "Salt Lake City USA"]
[Date "1999.08.25"]
[Round "3"]
[White "Gulko, Boris"]
[Black "Yermolinsky, Alexander"]
[Result "1/2-1/2"]
[WhiteElo "2618"]
[BlackElo "2588"]
[EventDate "1999.08.23"]
[PlyCount "31"]

1.d4 d5 2.c4 dxc4 3.e3 e6 4.Bxc4 a6 5.Nf3 c5 6.O-O Nf6 7.dxc5 Qxd1 8.Rxd1 
Bxc5 9.b3 Nbd7 10.Bb2 O-O 11.Nbd2 b6 12.Be2 Bb7 13.Nc4 Bd5 14.Rac1 Rfc8 
15.Nfe5 b5 16.Nxd7 1/2-1/2

[Event "zonal 2.1 group A"]
[Site "Salt Lake City USA"]
[Date "1999.08.25"]
[Round "3"]
[White "Gurevich, Dmitry"]
[Black "Shliperman, Igor"]
[Result "1/2-1/2"]
[WhiteElo "2537"]
[BlackElo "2466"]
[EventDate "1999.08.23"]
[PlyCount "89"]

1.Nf3 c5 2.c4 g6 3.d4 cxd4 4.Nxd4 Bg7 5.e4 Nc6 6.Be3 Nf6 7.Nc3 O-O 8.Be2 
d6 9.O-O Bd7 10.Qd2 Nxd4 11.Bxd4 Bc6 12.f3 a5 13.Rab1 Nd7 14.Be3 Nc5 15.b3
Qb6 16.Kh1 Rfc8 17.Rfd1 Qd8 18.Nd5 b6 19.Bf1 Rab8 20.Qf2 Qf8 21.Qh4 f6 22.
a3 e6 23.Nc3 f5 24.Nb5 Bf6 25.Qh3 Rd8 26.exf5 exf5 27.Bf4 Be5 28.Bg5 Rd7 
29.Nd4 Bxd4 30.Rxd4 Ne6 31.Bh6 Qf6 32.Rd3 g5 33.g3 g4 34.Qh4 Qxh4 35.gxh4 
Bxf3+ 36.Bg2 Bxg2+ 37.Kxg2 b5 38.Rf1 bxc4 39.bxc4 Rb2+ 40.Rd2 Rxd2+ 41.
Bxd2 d5 42.c5 Nxc5 43.Rxf5 Nb3 44.Bh6 Rd8 45.Rg5+ 1/2-1/2

[Event "zonal 2.1 group A"]
[Site "Salt Lake City USA"]
[Date "1999.08.25"]
[Round "3"]
[White "Kudrin, Sergey"]
[Black "Fedorowicz, John"]
[Result "1-0"]
[WhiteElo "2525"]
[BlackElo "2565"]
[EventDate "1999.08.23"]
[PlyCount "35"]

1.e4 c5 2.Nf3 d6 3.d4 cxd4 4.Nxd4 Nf6 5.Nc3 a6 6.Bc4 e6 7.Bb3 b5 8.O-O b4 
9.Na4 Bd7 10.c3 Nxe4 11.Qf3 d5 12.c4 Nc6 13.Nxe6 Bxe6 14.cxd5 Nd4 15.Qxe4 
Nxb3 16.dxe6 Nxa1 17.Qc6+ Ke7 18.Qb7+ 1-0

[Event "zonal 2.1 group A"]
[Site "Salt Lake City USA"]
[Date "1999.08.26"]
[Round "4"]
[White "Shabalov, Alexander"]
[Black "Gurevich, Dmitry"]
[Result "1/2-1/2"]
[WhiteElo "2566"]
[BlackElo "2537"]
[EventDate "1999.08.23"]
[PlyCount "90"]

1.e4 c5 2.Nf3 e6 3.d4 cxd4 4.Nxd4 a6 5.c4 Nf6 6.Nc3 Qc7 7.Bd3 Bb4 8.O-O 
Bxc3 9.bxc3 d6 10.g4 Nc6 11.g5 Nd7 12.f4 Nc5 13.Bc2 Bd7 14.Nb3 h6 15.g6 
O-O-O 16.gxf7 Rhf8 17.Be3 Rxf7 18.e5 Be8 19.exd6 Rxd6 20.Qg4 Nxb3 21.axb3 
Ne7 22.c5 Rc6 23.b4 Nf5 24.Bd4 Nxd4 25.cxd4 Qd8 26.Rad1 Kb8 27.Rfe1 g5 28.
f5 exf5 29.Bxf5 Rcf6 30.Qg3+ Ka7 31.Be6 Rf8 32.d5 Ba4 33.Rc1 Rf3 34.Qe5 g4
35.Qg7 Qh4 36.c6 Qf2+ 37.Kh1 R8f7 38.Qxg4 Bb3 39.Qg2 Qd4 40.c7 Rf2 41.c8=Q
Rxg2 42.Bxf7 Rxh2+ 43.Kxh2 Qf2+ 44.Kh3 Qf3+ 45.Kh4 Qf4+ 1/2-1/2

[Event "zonal 2.1 group A"]
[Site "Salt Lake City USA"]
[Date "1999.08.28"]
[Round "5"]
[White "Christiansen, Larry"]
[Black "Fedorowicz, John"]
[Result "0-1"]
[WhiteElo "2610"]
[BlackElo "2565"]
[EventDate "1999.08.23"]
[PlyCount "92"]

1.d4 Nf6 2.c4 g6 3.Nc3 Bg7 4.e4 d6 5.f3 O-O 6.Be3 c5 7.Nge2 Nc6 8.d5 Ne5 
9.Ng3 e6 10.Be2 exd5 11.cxd5 h5 12.O-O a6 13.Qd2 Re8 14.Bh6 Bh8 15.Bg5 b5 
16.Kh1 b4 17.Nd1 h4 18.Bxh4 Nxe4 19.Qh6 Nxg3+ 20.hxg3 Qc7 21.Qd2 f5 22.Nf2
Qh7 23.Nh3 Nf7 24.Bc4 f4 25.Rae1 Bxh3 26.gxh3 g5 27.Re6 Ne5 28.Bb3 Bg7 29.
Bc2 Qh5 30.Qg2 Rxe6 31.dxe6 Nc4 32.Re1 Ne3 33.Rxe3 fxe3 34.Bxg5 e2 35.Bd2 
Qe5 36.Be1 Qxe6 37.f4 d5 38.f5 Qe5 39.Qf3 Rf8 40.Kg2 c4 41.b3 cxb3 42.Bxb3
Rxf5 43.Qd3 a5 44.g4 Rf1 45.Bxd5+ Kh8 46.Be4 Qd4 0-1

[Event "zonal 2.1 group A"]
[Site "Salt Lake City USA"]
[Date "1999.08.28"]
[Round "5"]
[White "Gulko, Boris"]
[Black "Shliperman, Igor"]
[Result "1-0"]
[WhiteElo "2466"]
[BlackElo "2618"]
[EventDate "1999.08.23"]
[PlyCount "75"]

1.Nf3 Nf6 2.c4 e6 3.Nc3 Bb4 4.e3 O-O 5.Be2 b6 6.O-O Bb7 7.a3 Be7 8.d4 d5 
9.cxd5 Nxd5 10.Qc2 Nd7 11.Bd3 Nxc3 12.bxc3 h6 13.e4 c5 14.Bf4 Rc8 15.Qd2 
Nf6 16.Rfe1 Nh7 17.d5 exd5 18.exd5 Ng5 19.Bf5 Nxf3+ 20.gxf3 Ra8 21.d6 Bg5 
22.Bxg5 Qxg5+ 23.Qxg5 hxg5 24.Kg2 g6 25.Re7 gxf5 26.Rxb7 Rfb8 27.Rc7 Rc8 
28.Rd1 Kg7 29.f4 g4 30.Re7 Re8 31.f3 Kf6 32.Rxe8 Rxe8 33.fxg4 fxg4 34.Kg3 
Ke6 35.Re1+ Kd7 36.Rxe8 Kxe8 37.Kxg4 b5 38.h4 1-0

[Event "zonal 2.1 group A"]
[Site "Salt Lake City USA"]
[Date "1999.08.28"]
[Round "5"]
[White "Yermolinsky, Alexander"]
[Black "Shabalov, Alexander"]
[Result "1/2-1/2"]
[WhiteElo "2588"]
[BlackElo "2566"]
[EventDate "1999.08.23"]
[PlyCount "53"]

1.d4 e6 2.Nf3 Nf6 3.c4 a6 4.Nc3 c5 5.d5 b5 6.Bg5 b4 7.Ne4 Be7 8.Nxf6+ Bxf6
9.Qd2 O-O 10.g3 exd5 11.Qxd5 Nc6 12.Bg2 Bb7 13.O-O Bxg5 14.Nxg5 Nd4 15.
Qxc5 Nxe2+ 16.Kh1 Bxg2+ 17.Kxg2 Qf6 18.Rad1 Rac8 19.Qd5 Rce8 20.Rd2 Re5 
21.Qd3 Rxg5 22.Qxe2 Qc6+ 23.Kg1 Rc5 24.b3 d6 25.Rfd1 Re5 26.Qf1 Re6 27.Re1
1/2-1/2

[Event "zonal 2.1 group A"]
[Site "Salt Lake City USA"]
[Date "1999.08.29"]
[Round "6"]
[White "Fedorowicz, John"]
[Black "Yermolinsky, Alexander"]
[Result "1/2-1/2"]
[WhiteElo "2565"]
[BlackElo "2588"]
[EventDate "1999.08.23"]
[PlyCount "63"]

1.e4 c6 2.c4 d5 3.exd5 Nf6 4.Nc3 cxd5 5.d4 e6 6.Nf3 Bb4 7.Bd3 dxc4 8.Bxc4 
O-O 9.O-O a6 10.Bd3 Nc6 11.Bc2 Be7 12.a3 b5 13.Qd3 Bb7 14.Bg5 g6 15.Rfe1 
Rc8 16.Rad1 Nd5 17.Bh6 Re8 18.Nxd5 Qxd5 19.Qd2 Qh5 20.Bf4 Bf6 21.Be4 Ba8 
22.Bd6 Ne7 23.Bxa8 Rxa8 24.Be5 Qf5 25.Qh6 Nd5 26.h3 Rac8 27.Rd2 Qh5 28.
Qxh5 gxh5 29.Bxf6 Nxf6 30.Ne5 Red8 31.Nf3 Kf8 32.Kh2 1/2-1/2

[Event "zonal 2.1 group A"]
[Site "Salt Lake City USA"]
[Date "1999.08.29"]
[Round "6"]
[White "Gurevich, Dmitry"]
[Black "Gulko, Boris"]
[Result "0-1"]
[WhiteElo "2537"]
[BlackElo "2618"]
[EventDate "1999.08.23"]
[PlyCount "178"]

1.d4 d5 2.Nf3 Nf6 3.c4 c6 4.Nc3 dxc4 5.a4 Bf5 6.Ne5 Nbd7 7.Nxc4 Nb6 8.Ne5 
a5 9.g3 e6 10.Bg2 Bb4 11.O-O O-O 12.Nd3 h6 13.e3 Bxd3 14.Qxd3 e5 15.Na2 
exd4 16.exd4 Nxa4 17.Qb3 Nb6 18.Nxb4 axb4 19.Rxa8 Qxa8 20.Qxb4 Nbd5 21.Qb3
Re8 22.h3 Re7 23.Bf3 Qa7 24.Rd1 Qa8 25.Kg2 Qc8 26.Qd3 Nb4 27.Qa3 Nbd5 28.
Qd3 Nb4 29.Qc4 Nbd5 30.b3 Re8 31.Qd3 Nb4 32.Qb1 Nbd5 33.Bd2 Qd7 34.Qd3 Qc8
35.Rc1 Qd7 36.b4 Nc7 37.Rc5 Ne6 38.Rc4 Rd8 39.Be3 Nd5 40.Qe4 b5 41.Rc1 
Nxb4 42.h4 Nxd4 43.Rd1 c5 44.Qe5 Na6 45.Bxd4 cxd4 46.Rc1 d3 47.Rc6 d2 48.
Qxb5 Nb4 49.Qxb4 Qxc6 50.Bxc6 d1=Q 51.Bf3 Qd4 52.Qa5 Rb8 53.h5 Rb2 54.Qe1 
Kf8 55.Bc6 Rb8 56.Qe2 Qc5 57.Qf3 Rb6 58.Be4 Rf6 59.Qe2 Re6 60.Qf3 Rf6 61.
Qe2 Qd4 62.Bf3 Rb6 63.Bg4 Rb4 64.Bf3 Rb2 65.Qe1 Qd2 66.Qf1 f5 67.Qg1 Ra2 
68.Qf1 Rc2 69.Bb7 Kf7 70.Bf3 Ke7 71.Bb7 Qe2 72.Qxe2+ Rxe2 73.Bf3 Rb2 74.
Bc6 Kf6 75.Kg1 Kg5 76.Be8 f4 77.Kg2 Rb3 78.gxf4+ Kxf4 79.Ba4 Ra3 80.Bd1 
Ra5 81.Be2 Rg5+ 82.Kf1 Re5 83.Bd1 Kg5 84.Kg2 Re1 85.Bf3 Kf4 86.Bd5 Re5 87.
Bf7 Rg5+ 88.Kf1 Kf3 89.Bb3 Kg4 0-1

[Event "zonal 2.1 group A"]
[Site "Salt Lake City USA"]
[Date "1999.08.29"]
[Round "6"]
[White "Shabalov, Alexander"]
[Black "Kudrin, Sergey"]
[Result "0-1"]
[WhiteElo "2566"]
[BlackElo "2525"]
[EventDate "1999.08.23"]
[PlyCount "96"]

1.d4 Nf6 2.c4 g6 3.g3 Bg7 4.Bg2 d5 5.cxd5 Nxd5 6.e4 Nb4 7.d5 c6 8.a3 N4a6 
9.Ne2 cxd5 10.exd5 O-O 11.O-O Nc7 12.Nbc3 Ne8 13.Re1 Nd7 14.Nd4 Nd6 15.Bg5
Bf6 16.Bxf6 Nxf6 17.Re3 Bd7 18.Qe2 Re8 19.Re1 Qb6 20.Nf3 Ng4 21.Rd3 Rac8 
22.Rd4 a5 23.Red1 Nf6 24.Ne5 Rc7 25.Bf3 Bc8 26.Rf4 h5 27.Kg2 Kg7 28.h3 Rh8
29.a4 Qb3 30.Rd3 Qb6 31.Rd2 Bd7 32.g4 hxg4 33.hxg4 Be8 34.Rfd4 Nd7 35.Nxd7
Rxd7 36.Rd1 Rc7 37.R4d3 Qb4 38.Re3 Bxa4 39.Ra1 Bb3 40.Rxe7 Rxe7 41.Qxe7 
Qf4 42.Qe3 Qh2+ 43.Kf1 Bc4+ 44.Ne2 Re8 45.Qc3+ Kg8 46.Re1 a4 47.Qf6 b5 48.
Qc3 Ne4 0-1

[Event "zonal 2.1 group A"]
[Site "Salt Lake City USA"]
[Date "1999.08.30"]
[Round "7"]
[White "Christiansen, Larry"]
[Black "Gurevich, Dmitry"]
[Result "0-1"]
[WhiteElo "2610"]
[BlackElo "2537"]
[EventDate "1999.08.23"]
[PlyCount "120"]

1.e4 c5 2.Nf3 Nc6 3.Bb5 g6 4.O-O Bg7 5.c3 Nf6 6.Re1 O-O 7.h3 Qc7 8.d4 cxd4
9.cxd4 d5 10.e5 Ne4 11.Nc3 Nxc3 12.bxc3 Na5 13.Ba3 Bd7 14.Bd3 Rae8 15.Qd2 
Nc4 16.Bxc4 Qxc4 17.Nh2 Qa6 18.Qb2 Bh6 19.Nf1 Qb5 20.Qb3 Qc6 21.Ne3 Be6 
22.Re2 Qd7 23.Rf1 Bf4 24.Bc1 f6 25.exf6 exf6 26.Ba3 Rf7 27.Rfe1 Kg7 28.Nf1
Qc6 29.Qb4 b6 30.g3 Bb8 31.h4 h5 32.Bc1 Rfe7 33.c4 Bd6 34.Qd2 Bf7 35.Ne3 
dxc4 36.d5 Qc5 37.Bb2 Be5 38.Bc3 a5 39.a4 Bxc3 40.Qxc3 Qb4 41.Qc2 Re5 42.
Rd1 c3 43.Rb1 Qe4 44.Qxe4 Rxe4 45.Rxb6 Rb4 46.Rc6 Rb1+ 47.Kh2 Bxd5 48.Rc7+
Kf8 49.g4 hxg4 50.Rc2 Bf3 51.Ng2 Rb2 52.R7xc3 Rxc2 53.Rxc2 Re4 54.Rc8+ Kg7
55.Ne3 Rxa4 56.Rc7+ Kh6 57.Nc4 Ra1 58.Nd6 g5 59.hxg5+ Kxg5 60.Rc5+ f5 0-1

[Event "zonal 2.1 group A"]
[Site "Salt Lake City USA"]
[Date "1999.08.30"]
[Round "7"]
[White "Gulko, Boris"]
[Black "Kudrin, Sergey"]
[Result "1-0"]
[WhiteElo "2618"]
[BlackElo "2525"]
[EventDate "1999.08.23"]
[PlyCount "61"]

1.Nf3 c5 2.c4 Nf6 3.Nc3 b6 4.g3 Bb7 5.Bg2 g6 6.O-O Bg7 7.d4 cxd4 8.Qxd4 d6
9.Rd1 Nbd7 10.Be3 a6 11.Rac1 O-O 12.Qd2 Rc8 13.b3 Re8 14.Bh3 Rc7 15.Bh6 
Qa8 16.Bxg7 Kxg7 17.Nd4 Rc5 18.f3 Rh5 19.Bxd7 Nxd7 20.e4 Rc5 21.Nd5 e6 22.
Ne3 f5 23.b4 Rc7 24.exf5 Ne5 25.f4 Nf3+ 26.Nxf3 Bxf3 27.Qxd6 Rf7 28.Qe5+ 
Kg8 29.fxe6 Bxd1 30.Rxd1 Rfe7 31.Ng4 1-0

[Event "zonal 2.1 group A"]
[Site "Salt Lake City USA"]
[Date "1999.08.30"]
[Round "7"]
[White "Yermolinsky, Alexander"]
[Black "Shliperman, Igor"]
[Result "1/2-1/2"]
[WhiteElo "2588"]
[BlackElo "2466"]
[EventDate "1999.08.23"]
[PlyCount "39"]

1.d4 e6 2.c4 Nf6 3.Nf3 c5 4.d5 exd5 5.cxd5 d6 6.e4 g6 7.Bd3 Bg7 8.O-O O-O 
9.h3 b5 10.Re1 c4 11.Bc2 Re8 12.a3 Na6 13.Nc3 Nc5 14.Bg5 Qb6 15.Be3 Bd7 
16.Nd2 Rac8 17.Qf3 h6 18.Bd4 Qd8 19.b4 cxb3 20.Nxb3 1/2-1/2

[Event "zonal 2.1 group B"]
[Site "Salt Lake City USA"]
[Date "1999.08.23"]
[Round "1"]
[White "De Firmian, Nick"]
[Black "Dzindzichashvili, Roman"]
[Result "1-0"]
[WhiteElo "2598"]
[BlackElo "2544"]
[EventDate "1999.08.23"]
[PlyCount "80"]

1.e4 Nf6 2.e5 Nd5 3.d4 d6 4.Nf3 c6 5.c4 Nc7 6.Nc3 Bg4 7.h3 Bh5 8.g4 Bg6 9.
Bf4 e6 10.h4 d5 11.h5 Be4 12.Nxe4 dxe4 13.Ng5 Bb4+ 14.Ke2 f5 15.exf6 Qxf6 
16.Be3 O-O 17.Bg2 e5 18.Bxe4 exd4 19.Qxd4 h6 20.Qxf6 Rxf6 21.Nf3 Nba6 22.
Rad1 Ne6 23.Bf5 Bc5 24.Ne5 Bxe3 25.fxe3 Ng5 26.Rd4 Nc5 27.Rhd1 Re8 28.Nd7 
Nxd7 29.Rxd7 Ne4 30.Bg6 Ng3+ 31.Kd3 Ref8 32.Rd2 b5 33.Rxa7 Nf1 34.Re2 Ng3 
35.Rd2 Nf1 36.Re2 Ng3 37.Rc2 b4 38.c5 Rd8+ 39.Kc4 Nf1 40.Re2 Rf3 1-0

[Event "zonal 2.1 group B"]
[Site "Salt Lake City USA"]
[Date "1999.08.23"]
[Round "1"]
[White "Kaidanov, Gregory"]
[Black "Ivanov, Alexander"]
[Result "0-1"]
[WhiteElo "2611"]
[BlackElo "2515"]
[EventDate "1999.08.23"]
[PlyCount "129"]

1.d4 Nf6 2.Nf3 e6 3.g3 b5 4.Qd3 Ba6 5.a3 b4 6.Qb3 bxa3 7.Nxa3 Be7 8.Bg2 d5
9.Bf4 O-O 10.Nb5 Ne8 11.O-O Nd6 12.Nxd6 cxd6 13.Rfe1 Qb6 14.Qxb6 axb6 15.
c4 Bb7 16.Rxa8 Bxa8 17.Ra1 Bc6 18.Nd2 Rd8 19.cxd5 Bxd5 20.Bxd5 exd5 21.Rc1
g5 22.Be3 Na6 23.Nf3 f6 24.Ne1 Kf7 25.Nd3 Ke6 26.g4 Ra8 27.Kg2 Kd7 28.Bd2 
Nc7 29.Nb4 h5 30.gxh5 Rh8 31.Rc6 b5 32.Rc1 Rxh5 33.Nc6 Ne6 34.Nb8+ Ke8 35.
e3 g4 36.Rc8+ Kf7 37.Nc6 f5 38.Bb4 Bf8 39.Nd8+ Nxd8 40.Rxd8 Be7 41.Rb8 Ke6
42.Rxb5 Rh8 43.Rb6 Rc8 44.Bc3 Rh8 45.Ra6 Bg5 46.Bb4 Be7 47.Bc3 Bg5 48.Bd2 
Bf6 49.Bb4 Be7 50.Ra1 Bg5 51.Bd2 Bf6 52.Bc3 Bg5 53.Rh1 Rh3 54.Bd2 Bf6 55.
Re1 Kd7 56.b4 f4 57.exf4 Bxd4 58.Be3 Bc3 59.Rd1 Rh5 60.b5 d4 61.Bxd4 Rd5 
62.Rd3 Ba1 63.Rd1 Bc3 64.Rd3 Ba1 65.Rd1 0-1

[Event "zonal 2.1 group B"]
[Site "Salt Lake City USA"]
[Date "1999.08.24"]
[Round "2"]
[White "Ivanov, Alexander"]
[Black "De Firmian, Nick"]
[Result "1-0"]
[WhiteElo "2515"]
[BlackElo "2598"]
[EventDate "1999.08.23"]
[PlyCount "165"]

1.e4 c5 2.Nf3 d6 3.d4 cxd4 4.Nxd4 Nf6 5.Nc3 a6 6.g3 e6 7.Bg2 Qc7 8.O-O Nc6
9.Re1 Rb8 10.Nxc6 bxc6 11.e5 dxe5 12.Rxe5 Bd6 13.Re2 O-O 14.b3 c5 15.Bg5 
Bb7 16.Bxb7 Rxb7 17.Qd3 Qc6 18.Bxf6 gxf6 19.Ne4 Be7 20.Qc3 f5 21.Nf6+ Bxf6
22.Qxf6 Rd7 23.Rd2 Rfd8 24.Qxd8+ Rxd8 25.Rxd8+ Kg7 26.Re1 h5 27.h4 f4 28.
Rd3 fxg3 29.Rxg3+ Kf8 30.Rd3 Qc7 31.Re4 Ke7 32.Rf3 Qd8 33.Rd3 Qh8 34.a4 
Qh7 35.Rc4 Qf5 36.Kf1 Qe5 37.Re3 Qd5 38.Ke2 f5 39.Rd3 Qe5+ 40.Kf1 Kf6 41.
Re3 Qd5 42.Ke2 e5 43.Rd3 Qe6 44.f3 f4 45.Kd2 Kf7 46.Re4 Qe7 47.Kc3 Qe8 48.
Kb2 Kf6 49.Rd6+ Kf5 50.Rh6 Qf7 51.Rxa6 Qe7 52.Rc6 Qxh4 53.Rxc5 Qf6 54.a5 
h4 55.Rcxe5+ Kg6 56.a6 h3 57.a7 Qh8 58.Re1 h2 59.c3 Qa8 60.R5e2 Qxa7 61.
Rxh2 Qd7 62.Re4 Kg5 63.Rg2+ Kf5 64.Rd4 Qe6 65.Rgd2 Qe1 66.Rd5+ Kf6 67.b4 
Qf1 68.R2d3 Qe2+ 69.Kb3 Qf1 70.b5 Ke7 71.Kb4 Qf2 72.c4 Qg1 73.R5d4 Qh1 74.
Kc5 Qa1 75.Re4+ Kf6 76.Rxf4+ Ke5 77.Re4+ Kf5 78.Rd5+ Kf6 79.Rf4+ Ke6 80.
Re4+ Kf6 81.Red4 Qa3+ 82.Kb6 Qxf3 83.c5 1-0

[Event "zonal 2.1 group B"]
[Site "Salt Lake City USA"]
[Date "1999.08.25"]
[Round "3"]
[White "Kaidanov, Gregory"]
[Black "Serper, Grigory"]
[Result "1-0"]
[WhiteElo "2611"]
[BlackElo "2540"]
[EventDate "1999.08.23"]
[PlyCount "85"]

1.d4 Nf6 2.c4 e6 3.Nf3 d5 4.Nc3 Bb4 5.Bg5 h6 6.Bxf6 Qxf6 7.Qb3 c5 8.cxd5 
exd5 9.e3 Nc6 10.Bb5 O-O 11.dxc5 d4 12.Bxc6 dxc3 13.Qxb4 cxb2 14.Rb1 bxc6 
15.Qxb2 Qf5 16.Rc1 Ba6 17.Qa3 Bd3 18.Nd4 Qg6 19.Rg1 Rfd8 20.Qb2 Rd5 21.f3 
Rh5 22.Kf2 Rxh2 23.e4 Ba6 24.Nf5 Re8 25.Rcd1 Kh7 26.Rd6 Re6 27.Qd2 Qf6 28.
Rd1 Rh5 29.Qd4 Rxf5 30.exf5 Re2+ 31.Kg1 Qxf5 32.a4 Qg5 33.Qg4 Qxc5+ 34.Kh2
Re5 35.Qd4 Qa5 36.Rd7 Be2 37.Rd2 a6 38.Rxe2 Rxe2 39.Qd3+ f5 40.Qxe2 Qxa4 
41.Qe5 Qh4+ 42.Kg1 Qg5 43.Kf2 1-0

[Event "zonal 2.1 group B"]
[Site "Salt Lake City USA"]
[Date "1999.08.26"]
[Round "4"]
[White "Serper, Grigory"]
[Black "De Firmian, Nick"]
[Result "1/2-1/2"]
[WhiteElo "2540"]
[BlackElo "2598"]
[EventDate "1999.08.23"]
[PlyCount "125"]

1.c4 c5 2.Nf3 Nc6 3.d4 cxd4 4.Nxd4 e6 5.Nc3 Nf6 6.g3 Bc5 7.Nb3 Bb4 8.Bg2 
b6 9.Nd4 Bb7 10.Nb5 Na5 11.Bxb7 Nxb7 12.Qa4 Be7 13.O-O O-O 14.Bf4 a6 15.
Nd4 Qc8 16.Nb3 Nd6 17.Bxd6 Bxd6 18.Rfd1 Qc7 19.Nd2 Be5 20.Rdc1 Rfd8 21.Rc2
Qb8 22.Nde4 Nxe4 23.Nxe4 b5 24.cxb5 axb5 25.Qb3 d5 26.Nc5 Bd6 27.a3 h6 28.
Rac1 Ra7 29.Qe3 Qb6 30.Qb3 Rc7 31.Nd3 Rxc2 32.Qxc2 b4 33.Qb3 Rb8 34.axb4 
Kh7 35.Qc2 g6 36.Qa4 Bxb4 37.Rc6 Qb5 38.Qc2 Rb7 39.Rc8 Qd7 40.h4 Bd6 41.h5
Rc7 42.hxg6+ fxg6 43.Rxc7 Qxc7 44.Qa4 e5 45.e4 dxe4 46.Qxe4 h5 47.b4 Qb6 
48.Qc4 Kg7 49.b5 e4 50.Qxe4 Bxg3 51.Qe7+ Kg8 52.Qe8+ Kg7 53.Qe7+ Kg8 54.
Kg2 Bb8 55.Qe8+ Kg7 56.Qe7+ Kg8 57.Qe8+ Kg7 58.Ne5 Bxe5 59.Qxe5+ Kf7 60.
Qd5+ Ke7 61.Qe5+ Kd7 62.f4 Qe6 63.Qd4+ 1/2-1/2

[Event "zonal 2.1 group B"]
[Site "Salt Lake City USA"]
[Date "1999.08.28"]
[Round "5"]
[White "Ivanov, Alexander"]
[Black "Serper, Grigory"]
[Result "0-1"]
[WhiteElo "2515"]
[BlackElo "2540"]
[EventDate "1999.08.23"]
[PlyCount "56"]

1.e4 c5 2.Nf3 e6 3.g3 d5 4.exd5 exd5 5.Bg2 Nf6 6.O-O Be7 7.d4 O-O 8.Be3 
cxd4 9.Nxd4 Nc6 10.Nc3 Bg4 11.f3 Bd7 12.Bf2 Re8 13.Nde2 Rc8 14.a3 Bf8 15.
Re1 Ne5 16.Nf4 Nc4 17.Rxe8 Bxe8 18.Rb1 Nxb2 19.Rxb2 Rxc3 20.Rxb7 Qc8 21.
Rb1 Bc5 22.Bxc5 Qxc5+ 23.Kh1 Rxc2 24.Nd3 Qc3 25.Nb4 Rb2 26.Rxb2 Qxb2 27.
Qd3 a5 28.Nc2 Bb5 0-1

[Event "zonal 2.1 group B"]
[Site "Salt Lake City USA"]
[Date "1999.08.30"]
[Round "7"]
[White "Serper, Grigory"]
[Black "Dzindzichashvili, Roman"]
[Result "1/2-1/2"]
[WhiteElo "2540"]
[BlackElo "2544"]
[EventDate "1999.08.23"]
[PlyCount "30"]

1.d4 d5 2.c4 c6 3.cxd5 cxd5 4.Nc3 Nf6 5.Nf3 Nc6 6.Bf4 Bf5 7.e3 e6 8.Bd3 
Bxd3 9.Qxd3 Bd6 10.Bxd6 Qxd6 11.O-O O-O 12.Rfc1 Rfc8 13.Ne2 Rc7 14.a3 a6 
15.h3 Rac8 1/2-1/2

[Event "zonal 2.1 knock-out"]
[Site "Salt Lake City USA"]
[Date "1999.09.02"]
[Round "1.1"]
[White "Yermolinsky, Alexander"]
[Black "Serper, Grigory"]
[Result "1/2-1/2"]
[WhiteElo "2588"]
[BlackElo "2540"]
[EventDate "1999.08.23"]
[PlyCount "57"]

1.d4 Nf6 2.c4 e6 3.Nf3 d5 4.Nc3 Bb4 5.Bg5 h6 6.Bxf6 Qxf6 7.Qb3 c5 8.cxd5 
exd5 9.e3 O-O 10.dxc5 Bxc3+ 11.bxc3 Be6 12.Nd4 Nd7 13.Qa3 Rfc8 14.Be2 Nxc5
15.O-O Ne4 16.Rac1 b6 17.Bd3 Nc5 18.Rfd1 Nxd3 19.Rxd3 Rc5 20.Rcd1 Ra5 21.
Qb2 Rc5 22.Ne2 Rac8 23.Rd4 Qg5 24.Rc1 Qe5 25.Qd2 Qc7 26.h3 Qc6 27.Rd1 Qc7 
28.Rc1 Qc6 29.Rd1 1/2-1/2

[Event "zonal 2.1 knock-out"]
[Site "Salt Lake City USA"]
[Date "1999.09.03"]
[Round "1.2"]
[White "Serper, Grigory"]
[Black "Yermolinsky, Alexander"]
[Result "1/2-1/2"]
[WhiteElo "2540"]
[BlackElo "2588"]
[EventDate "1999.08.23"]
[PlyCount "88"]

1.d4 Nf6 2.c4 c5 3.d5 b5 4.Nd2 bxc4 5.e4 c3 6.bxc3 g6 7.c4 d6 8.Bb2 Bg7 9.
Ngf3 O-O 10.Bd3 Re8 11.Qc2 e6 12.O-O exd5 13.cxd5 Ba6 14.Bxa6 Nxa6 15.Rab1
Rb8 16.Rfe1 Qd7 17.a3 Nc7 18.Nc4 Nb5 19.h3 a6 20.Rbd1 Rec8 21.a4 Nd4 22.
Bxd4 cxd4 23.Nxd4 Re8 24.Nc6 Rb7 25.Nxd6 Qxd6 26.e5 Qd7 27.exf6 Rxe1+ 28.
Rxe1 Bxf6 29.Qc5 Rb2 30.d6 Rd2 31.Ne5 Qxd6 32.Qxd6 Rxd6 33.Nf3 Kf8 34.Rc1 
Bd8 35.g4 Bb6 36.Kg2 Ke7 37.Rc8 h5 38.Rb8 hxg4 39.hxg4 f6 40.g5 Kd7 41.Rg8
fxg5 42.Nxg5 Kc6 43.Ne4 Re6 44.Ng5 Rd6 1/2-1/2